|
|
|
|
| LEADER |
00000nam0a2200000 4500 |
| 001 |
87210 |
| 005 |
20231031102101.0 |
| 010 |
|
|
|a 9785922107730
|
| 035 |
|
|
|a (RuTPU)RU\TPU\book\93634
|
| 090 |
|
|
|a 87210
|
| 100 |
|
|
|a 20051206d2007 k y0rusy50 ca
|
| 101 |
0 |
|
|a rus
|
| 102 |
|
|
|a RU
|
| 105 |
|
|
|a a z 001zy
|
| 200 |
1 |
|
|a Течение реальных газов с большими скоростями
|f В. В. Лунев
|
| 210 |
|
|
|a Москва
|c Физматлит
|d 2007
|
| 215 |
|
|
|a 760 с.
|c ил.
|
| 320 |
|
|
|a Предметный указатель: с. 749-752.
|
| 320 |
|
|
|a Список литературы: с. 753-759.
|
| 330 |
|
|
|a В монографии изложены основы современной газовой динамики. Специальные главы посвящены проблемам высокоскоростного течения вязкого релаксирующего газа с учетом протекающих в нем сопутствующих высокотемпературных процессов. Для студентов и аспирантов вузов, а также научных работников и инженеров научно-исследовательских институтов авиационного и ракетно-космического профиля.
|
| 610 |
1 |
|
|a физика
|
| 610 |
1 |
|
|a газовая динамика
|
| 610 |
1 |
|
|a аэродинамика
|
| 610 |
1 |
|
|a реальные газы
|
| 610 |
1 |
|
|a большие скорости
|
| 610 |
1 |
|
|a уравнения
|
| 610 |
1 |
|
|a ударные волны
|
| 610 |
1 |
|
|a невязкая газодинамика
|
| 610 |
1 |
|
|a сверхзвуковые течения
|
| 610 |
1 |
|
|a гиперзвуковые обтекания
|
| 610 |
1 |
|
|a релаксирующие газы
|
| 610 |
1 |
|
|a неравновесные течения
|
| 610 |
1 |
|
|a вязкие течения
|
| 610 |
1 |
|
|a пограничные слои
|
| 675 |
|
|
|a 533.6.011.5
|v 3
|
| 700 |
|
1 |
|a Лунев
|b В. В.
|g Владимир Васильевич
|
| 801 |
|
1 |
|a RU
|b 63413507
|c 20051206
|g PSBO
|
| 801 |
|
2 |
|a RU
|b 63413507
|c 20150518
|g PSBO
|
| 942 |
|
|
|c BK
|